[Event "African Online-ch U20-Open 2021"]
[Site "Online"]
[Date "2021.02.01"]
[Round "6.3"]
[White "Lutuima, Amaro"]
[Black "Celso Andre Manjate"]
[Result "1-0"]
[WhiteElo "2050"]
[BlackElo "1721"]
[Annotator "TA"]
[PlyCount "103"]
[EventDate "2021.02.01"]
[EventType "swiss"]
[EventCountry "NET"]
[SourceTitle "playchess.com"]
[Source "ChessBase"]
[SourceQuality "1"]

{[%evp 16,103,59,47,103,102,114,114,116,109,152,62,64,38,38,38,46,35,34,17,25,21,53,37,32,16,25,18,16,9,21,0,0,0,0,-8,0,0,0,0,45,-16,-20,-18,0,0,-4,-8,-20,-43,-31,-36,-3,-17,-12,-4,-3,-23,-23,-105,-23,-23,-22,-23,-18,-19,0,0,0,-1,0,-4,0,0,0,-8,14,14,49,51,103,0,8,0,0,0,8,-8,0,0]} 1. e4 e6 2. d4 d5 3. Nd2 dxe4 4. Nxe4 Nf6 5. Nxf6+ Qxf6 6. Nf3 h6 7. Bd3 Bd6 8. O-O O-O 9. Qe2 Nd7 {C10: French with 3 Nc3: Unusual Black 3rd moves and 3...dxe4.} ({Black should try} 9... Nc6 $14) 10. Qe4 $16 {[%csl Gd3][%cal Re4h7]} Re8 11. Qh7+ Kf8 {White is better.} 12. Bd2 Ke7 {[#]} 13. c4 $146 ({Better is} 13. Rae1 $16) ({Predecessor:} 13. Bc3 Nf8 14. Qe4 Ng6 15. Ne5 Nf4 16. d5 exd5 17. Ng6+ Kd7 18. Qa4+ b5 19. Bxb5+ {1-0 (25) Huynh,L (1948)-Ngo,T (1938) Hai Phong 2018}) 13... b6 $1 $14 14. Qe4 (14. Rfe1 {feels hotter.} Bb7 15. d5 Rh8 16. Qe4 Kf8 17. Bc3) 14... Rb8 15. Bc3 {c5! is the strong threat.} Qf4 16. Qxf4 Bxf4 17. Rfe1 Kf8 18. Be4 Nf6 19. Bc6 Bd7 20. Bxd7 Nxd7 21. b4 c6 22. a4 a6 23. b5 axb5 24. axb5 cxb5 25. cxb5 Ra8 26. Bb4+ Kg8 27. g3 Bc7 (27... Rxa1 {is interesting.} 28. Rxa1 Bb8 29. d5 exd5 30. Rd1 Nf6) 28. Rec1 (28. Rac1 $14 Bb8 29. d5) 28... Rxa1 $11 29. Rxa1 Bb8 30. Kg2 Nf6 31. Ra8 Bc7 32. Ra7 Nd5 33. Bd2 f6 34. Kf1 Bd8 35. Ke2 Nc7 36. Rb7 Nxb5 37. Kd3 {[#]} (37. Bb4 $11) 37... Bc7 ({Black should play} 37... Re7 $1 $17 {[%cal Re7b7]} 38. Rb8 Rd7) 38. Bb4 Rb8 39. Rxb8+ Bxb8 {[%mdl 4096] Endgame KBN-KBN} 40. Kc4 Nc7 (40... Na7 {feels hotter.} 41. d5 exd5+ 42. Kxd5 Kf7 43. Nd4 Be5) 41. Bd6 Kf7 42. Bxc7 Bxc7 {KB-KN} 43. Kb5 g5 44. Kc6 Bd8 45. Nd2 e5 46. d5 {Threatening g4.} f5 47. Nc4 {Threatens to win with Kd7.} e4 {[#]} (47... Kf6 $1 $14) 48. g4 (48. Kd7 $1 $16 {[%cal Rd7d8]} Be7 49. Ne5+ Kf6 50. d6) 48... fxg4 {The position is equal.} 49. Nd6+ Kf6 50. Nxe4+ Kf5 51. Ng3+ Kf4 52. Kd7 {[%mdl 32768] Weighted Error Value: White=0.16/Black=0.14. Sensor Board Error (Ke4/e5)?} 1-0

[Event "African Online-ch U20-Open 2021"]
[Site "Online"]
[Date "2021.02.01"]
[Round "6.4"]
[White "Junior, Domingos"]
[Black "Borges Delgado, Gabriel Jose"]
[Result "1/2-1/2"]
[WhiteElo "1894"]
[BlackElo "2228"]
[Annotator "TA"]
[PlyCount "34"]
[EventDate "2021.02.01"]
[EventType "swiss"]
[EventCountry "NET"]
[SourceTitle "playchess.com"]
[Source "ChessBase"]
[SourceQuality "1"]

{[%evp 20,34,19,17,26,0,0,0,0,-4,0,0,2,-14,0,0,0]} 1. e4 e6 2. d4 d5 3. exd5 exd5 4. Nf3 Nf6 5. Bd3 Bd6 6. O-O O-O 7. Bg5 Bg4 8. c3 Nbd7 9. Nbd2 c6 10. Qc2 Qc7 11. h3 Be6 {C01: French: Exchange Variation.} 12. Rfe1 (12. Bxf6 $5 Nxf6 13. Bf5 $11) 12... h6 {The position is equal.} 13. Be3 Rfe8 {[#]} 14. Nf1 $146 ({Predecessor:} 14. Re2 c5 15. dxc5 Nxc5 16. Bxc5 Bxc5 17. Nb3 Bd6 18. Nbd4 Bd7 19. Rae1 Rxe2 20. Rxe2 a6 21. Nf5 Bc5 22. N3d4 Re8 23. Rxe8+ Nxe8 24. Nb3 {½-½ (30) Popov,E (2355)-Latronico,N (2446) ICCF email 2010}) 14... Nf8 15. N1d2 N8d7 16. Nf1 Nf8 17. N1d2 N8d7 {An uneventful encounter.  Weighted Error Value: White=0.07/Black=0.05} 1/2-1/2

[Event "African Online-ch U20-Open 2021"]
[Site "Online"]
[Date "2021.02.01"]
[Round "6.5"]
[White "Mohamed Abderrahim, Taleb Mohamed"]
[Black "Machinya Desire"]
[Result "1-0"]
[WhiteElo "1799"]
[BlackElo "1638"]
[Annotator "NA RC"]
[PlyCount "53"]
[EventDate "2021.02.01"]
[EventType "swiss"]
[EventCountry "NET"]
[SourceTitle "playchess.com"]
[Source "ChessBase"]
[SourceQuality "1"]
[TimeControl "1500+10"]

1. e4 {[%emt 0:00:00]} c5 {[%emt 0:00:09]} 2. a3 {[%emt 0:00:07]} d6 {[%emt 0:00:14]} 3. Nf3 {[%emt 0:00:06]} Nf6 {[%emt 0:00:04]} 4. Nc3 {[%emt 0:00:05]} Nc6 {[%emt 0:00:07]} 5. Bb5 {[%emt 0:00:12]} Bd7 {[%emt 0:00:06]} 6. Bxc6 {[%emt 0:00:04]} Bxc6 {[%emt 0:00:03]} 7. d3 {[%emt 0:00:02]} e6 {[%emt 0:00:06]} 8. O-O {[%emt 0:00:13]} Be7 {[%emt 0:00:18]} 9. b4 {[%emt 0:00:34]} a6 {[%emt 0:00:19]} 10. Bb2 {[%emt 0:00:46]} Rc8 {[%emt 0:00:18]} 11. bxc5 {[%emt 0:00:17]} dxc5 {[%emt 0:00:06]} 12. Ne2 {[%emt 0:00:19]} Kf8 {[%emt 0:00:58]} 13. Ne5 {[%emt 0:01:11]} Qc7 {[%emt 0:00:22]} 14. f4 {[%emt 0:00:23]} Rd8 {[%emt 0:00:07]} 15. Qe1 {[%emt 0:01:11]} h5 {[%emt 0:00:52]} 16. Qc3 {[%emt 0:04:55]} Bb5 {[%emt 0:03:30]} 17. f5 {[%emt 0:05:04]} exf5 {[%emt 0:02:30]} 18. Rxf5 {[%emt 0:01:03]} Bd7 {[%emt 0:02:31]} 19. Nxd7+ {[%emt 0:00:46]} Rxd7 {[%emt 0:00:39]} 20. Raf1 {[%emt 0:00:40]} Bd8 {[%emt 0:03:52]} 21. Nf4 {[%emt 0:01:54]} Rh7 {[%emt 0:04:46]} 22. e5 {[%emt 0:01:38]} g6 {[%emt 0:05:22]} 23. Rxf6 {[%emt 0:00:51]} Bxf6 {[%emt 0:00:05]} 24. exf6 {[%emt 0:00:03]} Rd4 {[%emt 0:00:47]} 25. Qd2 {[%emt 0:01:03]} Rd7 {[%emt 0:00:27]} 26. Qe3 {[%emt 0:01:41]} Qc8 {[%emt 0:00:27]} 27. Re1 {[%emt 0:00:11]} 1-0

[Event "African Online-ch U20-Open 2021"]
[Site "Online"]
[Date "2021.02.01"]
[Round "6.6"]
[White "Khumalo, Keith"]
[Black "Darius Patlo Banda"]
[Result "1-0"]
[WhiteElo "2142"]
[BlackElo "1369"]
[Annotator "TA"]
[PlyCount "85"]
[EventDate "2021.02.01"]
[EventType "swiss"]
[EventCountry "NET"]
[SourceTitle "playchess.com"]
[Source "ChessBase"]
[SourceQuality "1"]

{[%evp 12,84,120,112,112,23,36,26,29,10,31,16,40,37,43,26,27,15,32,25,31,29,103,43,279,74,266,143,118,12,12,19,60,50,58,20,24,30,31,28,77,56,61,59,403,406,383,333,331,260,384,383,368,349,533,543,519,492,931,666,1334,1312,29993,29994,29994,29995,29995,29993,29996,29996,29996,29997,29997,29998,29999]} 1. d4 d5 2. c4 Nc6 3. Nf3 Nf6 4. cxd5 Nxd5 5. e4 Nf6 6. Nc3 e6 7. a3 Be7 {D06: Queen's Gambit: Symmetrical and Baltic Defences.} 8. d5 ({White should try} 8. Bd3 $16) 8... exd5 $11 9. exd5 Nb8 {[#] White has an edge.} 10. h3 $146 ({Predecessor:} 10. Bc4 O-O 11. O-O Bg4 12. Qd3 Bxf3 13. Qxf3 Nbd7 14. Bf4 Nb6 15. Ba2 a6 16. Rad1 Bd6 17. Be3 Nbd7 18. Bg5 {½-½ (18) Serralta Font,C (1311)-Munar Munar,M (1711) Santa Margalida 2016}) 10... Bf5 11. Qb3 {aiming for Qb5+.} (11. Bc4 {seems wilder.} O-O 12. Nh4 Bc8 13. O-O Re8 14. Re1) 11... Bc8 12. Bd3 $36 {[%mdl 2048] Black is under pressure.} ({Much worse is} 12. d6 Bxd6 13. Be3 (13. Bb5+ Nc6 $15) 13... O-O $11) 12... Nbd7 13. Bb1 O-O 14. O-O Bd6 15. Be3 Ne5 {Threatens to win with ...Nxf3+.} 16. Nd4 Bc5 {[#]} (16... h6 $11 {remains equal.}) 17. Rd1 (17. Nc6 $1 $16 {[%mdl 512]} Nxc6 18. Bxc5) 17... Ned7 $2 {[#]} (17... Bb6 $14) 18. Qc2 $2 (18. Ne6 $1 $18 {[%cal Re6d8][%mdl 512]} Qe7 19. Nxf8 Kxf8 20. Re1) 18... Nb6 $2 {[#]} (18... Bd6 $16 {is a better defense.}) 19. b4 ({White should play} 19. Nc6 $1 $18 {[%mdl 512]} bxc6 20. Bxc5 Nbxd5 21. Bxf8 Kxf8 22. Ba2) 19... Be7 $16 20. Nf5 (20. Bg5 $16 g6 21. Ba2) 20... Bxf5 $11 21. Qxf5 Qd7 22. Qf3 Nc4 23. Bf5 Qd8 24. Bd4 Nd6 25. Bc2 Qd7 26. Rac1 a5 27. b5 Nxb5 $2 {[%mdl 8192] Black is on the road to losing.} (27... b6 $14) 28. Bxf6 Bxf6 {[#]} 29. Qd3 {[%csl Gc2][%cal Rd3h7][%mdl 64] Double Attack} g6 30. Qxb5 Qc8 (30... Qxb5 $142 31. Nxb5 c6 32. dxc6 bxc6) 31. Ne4 $18 Be5 32. Bb3 Bb2 (32... Qf5 $142 33. Rc4 Rfb8) 33. Rc2 Bxa3 34. d6 c6 (34... Qf5 $142 35. Qxf5 gxf5 36. dxc7 fxe4) 35. Nf6+ Kg7 36. Qe5 {Ne8+! would kill now.} Qd8 37. Ne8+ {[%mdl 64] Discovered Attack (Double check). White mates.} Kh6 38. Qg7+ {[%mdl 64] Double Attack} Kh5 39. Nf6+ {[%mdl 64] Double Attack} Kg5 40. h4+ Kf5 41. g4+ Kf4 42. Qh6+ Ke5 43. Qg5# {Weighted Error Value: White=0.38/Black=0.73} 1-0

[Event "African Online-ch U20-Open 2021"]
[Site "Online"]
[Date "2021.02.01"]
[Round "6.7"]
[White "Joao Farisse"]
[Black "Vasco Mateus Felizardo Viageir"]
[Result "1/2-1/2"]
[WhiteElo "1574"]
[BlackElo "1862"]
[Annotator "NA RC"]
[PlyCount "132"]
[EventDate "2021.02.01"]
[EventType "swiss"]
[EventCountry "NET"]
[SourceTitle "playchess.com"]
[Source "ChessBase"]
[SourceQuality "1"]
[TimeControl "1500+10"]

1. c4 {[%emt 0:00:00]} e6 {[%emt 0:00:11]} 2. Nc3 {[%emt 0:00:10]} d5 {[%emt 0:00:19]} 3. cxd5 {[%emt 0:00:08]} exd5 {[%emt 0:00:03]} 4. d4 {[%emt 0:00:30]} Nf6 {[%emt 0:00:04]} 5. Nf3 {[%emt 0:00:17]} h6 {[%emt 0:00:06]} 6. h3 {[%emt 0:00:02]} c6 {[%emt 0:00:05]} 7. Bf4 {[%emt 0:00:09]} Bd6 {[%emt 0:00:13]} 8. Ne5 {[%emt 0:00:06]} Qe7 {[%emt 0:01:06]} 9. e3 {[%emt 0:01:13]} O-O {[%emt 0:00:45]} 10. Bd3 {[%emt 0:00:10]} Re8 {[%emt 0:00:20]} 11. O-O {[%emt 0:00:56]} Nbd7 {[%emt 0:00:12]} 12. Nxd7 {[%emt 0:00:05]} Bxd7 {[%emt 0:00:02]} 13. Bxd6 {[%emt 0:00:08]} Qxd6 {[%emt 0:00:01]} 14. Rb1 {[%emt 0:00:33]} a5 {[%emt 0:03:21]} 15. a4 {[%emt 0:01:10]} Re7 {[%emt 0:00:27]} 16. Qc2 {[%emt 0:01:37]} Rae8 {[%emt 0:00:36]} 17. Bf5 {[%emt 0:00:22]} Bxf5 {[%emt 0:00:48]} 18. Qxf5 {[%emt 0:00:04]} g6 {[%emt 0:00:01]} 19. Qf3 {[%emt 0:00:29]} Kg7 {[%emt 0:00:04]} 20. Rfd1 {[%emt 0:01:01]} Qb4 {[%emt 0:00:10]} 21. Qe2 {[%emt 0:01:13]} c5 {[%emt 0:02:06]} 22. Qb5 {[%emt 0:02:14]} c4 {[%emt 0:00:11]} 23. Na2 {[%emt 0:01:29]} Qxb5 {[%emt 0:00:10]} 24. axb5 {[%emt 0:00:02]} Re6 {[%emt 0:00:24]} 25. b3 {[%emt 0:01:06]} Rc8 {[%emt 0:01:13]} 26. bxc4 {[%emt 0:00:24]} Rxc4 {[%emt 0:00:10]} 27. Rdc1 {[%emt 0:00:13]} Ra4 {[%emt 0:00:08]} 28. Nc3 {[%emt 0:00:25]} Rc4 {[%emt 0:00:13]} 29. Ne2 {[%emt 0:00:36]} Rxc1+ {[%emt 0:00:16]} 30. Nxc1 {[%emt 0:00:15]} Ne4 {[%emt 0:00:08]} 31. Nd3 {[%emt 0:00:20]} Rb6 {[%emt 0:00:12]} 32. Nc5 {[%emt 0:00:28]} Nc3 {[%emt 0:00:13]} 33. Rb3 {[%emt 0:00:29]} Nxb5 {[%emt 0:02:47]} 34. Na4 {[%emt 0:00:34]} Rc6 {[%emt 0:00:08]} 35. Rxb5 {[%emt 0:00:05]} Rc1+ {[%emt 0:00:07]} 36. Kh2 {[%emt 0:00:04]} Ra1 {[%emt 0:00:23]} 37. Nc5 {[%emt 0:00:25]} a4 {[%emt 0:00:05]} 38. Rxb7 {[%emt 0:00:14]} h5 {[%emt 0:00:22]} 39. Ra7 {[%emt 0:00:32]} a3 {[%emt 0:00:03]} 40. e4 {[%emt 0:00:33]} dxe4 {[%emt 0:00:23]} 41. Nxe4 {[%emt 0:00:18]} a2 {[%emt 0:00:20]} 42. Nc3 {[%emt 0:00:40]} Rc1 {[%emt 0:00:03]} 43. Nxa2 {[%emt 0:00:04]} Rd1 {[%emt 0:00:17]} 44. d5 {[%emt 0:00:06]} Rxd5 {[%emt 0:00:05]} 45. Nc3 {[%emt 0:00:11]} Rd2 {[%emt 0:00:06]} 46. Ne4 {[%emt 0:00:15]} Rd5 {[%emt 0:00:23]} 47. f3 {[%emt 0:00:12]} h4 {[%emt 0:00:06]} 48. Nc3 {[%emt 0:00:31]} Rc5 {[%emt 0:00:10]} 49. Ne2 {[%emt 0:00:10]} Re5 {[%emt 0:00:26]} 50. Nd4 {[%emt 0:00:34]} Rd5 {[%emt 0:00:47]} 51. Ne6+ {[%emt 0:00:31]} Kf6 {[%emt 0:00:12]} 52. Nf4 {[%emt 0:00:18]} Rd2 {[%emt 0:00:18]} 53. Ra5 {[%emt 0:00:20]} Kg7 {[%emt 0:00:41]} 54. Kg1 {[%emt 0:00:46]} Rd4 {[%emt 0:00:59]} 55. Ne2 {[%emt 0:00:12]} Rb4 {[%emt 0:00:08]} 56. Kf2 {[%emt 0:00:20]} Kf6 {[%emt 0:00:11]} 57. Rd5 {[%emt 0:00:06]} g5 {[%emt 0:00:16]} 58. f4 {[%emt 0:00:15]} gxf4 {[%emt 0:00:05]} 59. Rd4 {[%emt 0:00:03]} Rb7 {[%emt 0:00:51]} 60. Rxf4+ {[%emt 0:01:01]} Ke5 {[%emt 0:01:09]} 61. Rxh4 {[%emt 0:00:24]} f5 {[%emt 0:00:03]} 62. Ra4 {[%emt 0:00:06]} Rb2 {[%emt 0:00:24]} 63. g4 {[%emt 0:00:47]} fxg4 {[%emt 0:00:06]} 64. Rxg4 {[%emt 0:00:04]} Kf5 {[%emt 0:00:11]} 65. Rg3 {[%emt 0:01:00]} Ra2 {[%emt 0:00:48]} 66. h4 {[%emt 0:00:21]} Ra4 {[%emt 0:02:31]} 1/2-1/2

[Event "African Online-ch U20-Open 2021"]
[Site "Online"]
[Date "2021.02.01"]
[Round "6.8"]
[White "Spink, Benjamin M"]
[Black "Bidi, Abdeljalil"]
[Result "0-1"]
[WhiteElo "2110"]
[BlackElo "1750"]
[Annotator "TA"]
[PlyCount "88"]
[EventDate "2021.02.01"]
[EventType "swiss"]
[EventCountry "NET"]
[SourceTitle "playchess.com"]
[Source "ChessBase"]
[SourceQuality "1"]

{[%evp 20,88,-14,-14,-4,0,0,-2,2,9,18,-47,-39,-67,-49,-52,0,0,10,-34,-6,0,0,0,-5,-25,8,0,0,0,45,43,57,35,43,32,36,29,67,67,67,67,60,60,60,13,75,75,97,0,95,95,159,167,313,317,441,389,891,828,1122,758,29965,5714,1899,1064,29960,29940,5390,1761,2066]} 1. e4 e5 2. Nf3 Nc6 3. d4 exd4 4. Bc4 Nf6 5. e5 d5 6. Bb5 Ne4 7. Nxd4 Bd7 8. Bxc6 bxc6 9. O-O Bc5 10. Be3 Bb6 11. Nd2 Nxd2 {C56: Two Knights: 4 d4 exd4 5 0-0 Nxe4.} 12. Qxd2 c5 13. Nb3 d4 {The position is equal.} 14. Bg5 Qc8 {[#]} 15. a4 $146 (15. c3 $11) ({Predecessor:} 15. Rfe1 h6 16. Bh4 Qb7 17. Qd3 Qd5 18. Nd2 Bc6 19. f3 O-O 20. b3 a5 21. a4 {1-0 (48) Schut,L (2259)-Kovanova,B (2343) chess.com INT 2020}) 15... a5 $15 16. Qd3 Bc6 17. Bh4 Qe6 (17... Qg4 $1 $15 18. Qg3 Qxg3 19. Bxg3 c4) 18. Nd2 $1 $11 O-O (18... Qg6 {with more complications.} 19. Bg3 O-O 20. b3 Bd7 21. Qxg6 hxg6 22. Nc4 g5) 19. Qg3 {[#] Bf6 is the strong threat.} (19. Rfe1 {with more complications.} Qg4 20. Bg3 Bd7 21. Nc4 Bf5 22. Qd2) 19... Qg6 (19... Qf5 {is more complex.} 20. Bf6 Qg6 21. Qxg6 fxg6 22. Bh4 h6) 20. Qxg6 hxg6 21. b3 Bd5 22. Nc4 (22. f4 {is interesting.} Ba7 23. Rfc1 Rae8 24. Nc4 f6 25. Re1) 22... Bxc4 (22... Ba7 {feels hotter.} 23. Rfb1 Rfb8 24. Nb2 Rb6 25. Bg3 c4) 23. bxc4 Rfe8 24. Bg3 Re6 25. Rab1 Rae8 26. Rb3 g5 27. f3 f6 28. Re1 fxe5 29. Re4 Kf7 30. Kf1 Kf6 31. Ke2 Rb8 32. Kd3 Ba7 (32... Ree8 $11) 33. Rxb8 $16 Bxb8 {[%mdl 4096] Endgame KRB-KRB} 34. Be1 ({White should try} 34. Re1 $16) 34... Kf5 (34... Rb6 $1 $11) 35. Bd2 ({But not} 35. Bxa5 Ra6 $11) 35... Re8 (35... Ba7 $142) 36. Rg4 ({Resist} 36. Bxa5 Re6 $16) 36... e4+ (36... Rh8 $142) 37. Rxe4 $18 Rxe4 38. fxe4+ {KB-KB} Kg4 $2 (38... Ke6 39. Bxa5 g4) 39. Bxa5 g6 40. Be1 c6 41. a5 Kh5 42. a6 g4 43. Bg3 Ba7 44. e5 {[#] White threatens e6 and mate.} Kg5 {[%mdl 32768] Weighted Error Value: White=0.17/Black=0.64. Sensor Board Error (Ke4/e5)?} 0-1

[Event "African Online-ch U20-Open 2021"]
[Site "Online"]
[Date "2021.02.01"]
[Round "6.9"]
[White "Oosthuizen, Michal Jacobus"]
[Black "Ben Abbes, Ayoub"]
[Result "1-0"]
[WhiteElo "1920"]
[BlackElo "1481"]
[Annotator "TA"]
[PlyCount "103"]
[EventDate "2021.02.01"]
[EventType "swiss"]
[EventCountry "NET"]
[SourceTitle "playchess.com"]
[Source "ChessBase"]
[SourceQuality "1"]

{[%evp 16,102,23,28,28,26,189,182,209,202,194,208,241,141,163,141,174,160,302,309,322,331,393,275,277,284,302,266,265,256,271,260,252,245,266,257,246,157,274,252,311,314,338,349,358,351,732,739,739,735,732,733,852,729,725,725,679,697,709,708,865,866,849,834,846,823,889,881,1317,1316,1161,1170,29981,29982,29982,29979,29983,29984,29981,29984,29988,29989,29989,29990,29990,29991,29993,29994,29999]} 1. Nf3 d5 2. g3 Nf6 3. Bg2 c6 4. c4 Bg4 5. Ne5 Bc8 6. O-O Nbd7 7. Nf3 dxc4 8. Na3 $1 {[%mdl 4] 8.Na3 is the modern continuation.} Nb6 9. Qc2 Be6 {A11: English Opening: 1...c6.} 10. Ng5 Bd5 $2 {This costs Black the game.} (10... Bg4 $11 11. Nxc4 Bxe2) 11. e4 $18 {[#]} Be6 $146 {White is clearly better.} ({Predecessor:} 11... h6 12. exd5 hxg5 13. dxc6 Qd3 14. cxb7 Rb8 15. b3 e6 16. bxc4 Qxc2 17. Nxc2 Nxc4 18. d3 Nb6 19. Bc6+ Kd8 20. Bxg5 {1-0 (37) Saldano Dayer,H (2413)-Leon,J (2234) Buenos Aires 2019}) 12. Nxe6 fxe6 13. Nxc4 g6 14. Qb3 (14. Na5 $18) 14... Nxc4 $16 15. Qxc4 Qd7 16. Bh3 Qd6 (16... Kf7 $16 17. d4 h5) 17. Bxe6 $18 b5 18. Bf7+ Kd8 19. Qc3 {[#] Threatens to win with e5.} e5 20. d3 a5 21. f4 Qc5+ 22. Kg2 Qxc3 23. bxc3 Nd7 24. f5 gxf5 25. Rxf5 h6 26. Be6 {Rf7 is the strong threat.} Ra7 (26... Nc5 $16) 27. Be3 Rb7 28. Raf1 {Strongly threatening Bxd7.} Be7 29. Rh5 c5 30. Rf7 ({Inferior is} 30. Bxh6 Rb6 $11) ({Don't take} 30. Rxh6 Rxh6 31. Bxh6 Rb6 $18) 30... Rb6 $2 (30... a4 31. Bxd7 (31. Rxh6 Rxh6 32. Bxh6 b4 $16) 31... Rxd7 32. Rxe5 Bd6) 31. Bxd7 Kxd7 32. Bxc5 Re6 33. Bxe7 Ke8 34. Rg7 Rxe7 35. Rxe7+ Kxe7 36. Rxe5+ {[%mdl 4160] [#] Endgame Double Attack. KR-KR} Kd6 37. Rxb5 Rc8 38. c4 a4 39. Kf3 a3 40. Rb3 Rf8+ 41. Ke3 Ra8 42. d4 Kc6 43. e5 Kd7 44. d5 {White mates.} Kc7 45. Kd4 Kd7 46. c5 Ra4+ 47. Kd3 Kc7 48. e6 Ra5 49. Kc4 Ra4+ 50. Rb4 Ra5 51. d6+ Kd8 52. Rb8# {Weighted Error Value: White=0.20/Black=0.49} 1-0

[Event "African Online-ch U20-Open 2021"]
[Site "Online"]
[Date "2021.02.01"]
[Round "6.10"]
[White "Selogelo Othata"]
[Black "Elayeb, Med Yessine"]
[Result "0-1"]
[WhiteElo "1725"]
[BlackElo "1666"]
[Annotator "NA RC"]
[PlyCount "162"]
[EventDate "2021.02.01"]
[EventType "swiss"]
[EventCountry "NET"]
[SourceTitle "playchess.com"]
[Source "ChessBase"]
[SourceQuality "1"]
[TimeControl "1500+10"]

1. e4 {[%emt 0:00:00]} c5 {[%emt 0:00:05]} 2. Nf3 {[%emt 0:00:06]} Nc6 {[%emt 0:00:02]} 3. d4 {[%emt 0:00:04]} cxd4 {[%emt 0:00:01]} 4. Nxd4 {[%emt 0:00:01]} Nf6 {[%emt 0:00:02]} 5. Nc3 {[%emt 0:00:03]} e5 {[%emt 0:00:01]} 6. Ndb5 {[%emt 0:00:03]} d6 {[%emt 0:00:03]} 7. Bg5 {[%emt 0:00:09]} a6 {[%emt 0:00:02]} 8. Na3 {[%emt 0:00:04]} b5 {[%emt 0:00:03]} 9. Nd5 {[%emt 0:00:07]} Be7 {[%emt 0:00:03]} 10. Bxf6 {[%emt 0:00:58]} Bxf6 {[%emt 0:00:01]} 11. c3 {[%emt 0:00:06]} Rb8 {[%emt 0:00:28]} 12. Nc2 {[%emt 0:00:07]} Bg5 {[%emt 0:00:04]} 13. Bd3 {[%emt 0:00:44]} O-O {[%emt 0:00:20]} 14. h4 {[%emt 0:02:06]} Bh6 {[%emt 0:00:26]} 15. g4 {[%emt 0:01:19]} g6 {[%emt 0:02:26]} 16. Qf3 {[%emt 0:00:21]} Bg7 {[%emt 0:04:56]} 17. g5 {[%emt 0:00:55]} f5 {[%emt 0:01:22]} 18. gxf6 {[%emt 0:02:20]} Bxf6 {[%emt 0:00:18]} 19. Qg3 {[%emt 0:00:16]} Rb7 {[%emt 0:04:12]} 20. Nxf6+ {[%emt 0:00:27]} Qxf6 {[%emt 0:00:36]} 21. Ne3 {[%emt 0:00:26]} Rbf7 {[%emt 0:01:45]} 22. Rh2 {[%emt 0:00:46]} Ne7 {[%emt 0:02:51]} 23. a4 {[%emt 0:01:44]} Qf4 {[%emt 0:03:07]} 24. axb5 {[%emt 0:01:30]} Qxg3 {[%emt 0:01:35]} 25. fxg3 {[%emt 0:00:12]} Rf3 {[%emt 0:00:07]} 26. Bc4+ {[%emt 0:03:35]} Kg7 {[%emt 0:00:07]} 27. Ke2 {[%emt 0:01:10]} axb5 {[%emt 0:00:29]} 28. Bxb5 {[%emt 0:00:07]} Rxg3 {[%emt 0:00:16]} 29. Ra7 {[%emt 0:00:16]} Rf7 {[%emt 0:00:43]} 30. Bc4 {[%emt 0:00:23]} d5 {[%emt 0:00:34]} 31. Nxd5 {[%emt 0:01:16]} Bg4+ {[%emt 0:00:26]} 32. Kd2 {[%emt 0:00:13]} Nxd5 {[%emt 0:00:23]} 33. Rxf7+ {[%emt 0:00:08]} Kxf7 {[%emt 0:00:01]} 34. Bxd5+ {[%emt 0:00:03]} Be6 {[%emt 0:00:08]} 35. b4 {[%emt 0:00:52]} Rg4 {[%emt 0:01:48]} 36. Kd3 {[%emt 0:01:04]} Ke7 {[%emt 0:00:18]} 37. Bxe6 {[%emt 0:00:05]} Kxe6 {[%emt 0:00:01]} 38. Rh3 {[%emt 0:00:12]} Rf4 {[%emt 0:00:08]} 39. b5 {[%emt 0:01:11]} Kd6 {[%emt 0:00:23]} 40. c4 {[%emt 0:01:19]} Kc5 {[%emt 0:00:06]} 41. h5 {[%emt 0:00:32]} g5 {[%emt 0:00:11]} 42. h6 {[%emt 0:00:07]} Kd6 {[%emt 0:00:37]} 43. Rh5 {[%emt 0:01:38]} Rg4 {[%emt 0:00:03]} 44. Kc3 {[%emt 0:00:32]} Kc5 {[%emt 0:00:22]} 45. Kd3 {[%emt 0:00:19]} Kd6 {[%emt 0:00:11]} 46. Rh3 {[%emt 0:00:06]} Rf4 {[%emt 0:00:05]} 47. Rg3 {[%emt 0:00:07]} g4 {[%emt 0:00:03]} 48. Rg1 {[%emt 0:00:21]} Kc5 {[%emt 0:00:17]} 49. Rb1 {[%emt 0:00:33]} Rf3+ {[%emt 0:00:17]} 50. Kc2 {[%emt 0:00:16]} Kxc4 {[%emt 0:00:06]} 51. b6 {[%emt 0:00:17]} Rf2+ {[%emt 0:00:13]} 52. Kd1 {[%emt 0:00:30]} Rf1+ {[%emt 0:00:04]} 53. Kc2 {[%emt 0:00:03]} Rxb1 {[%emt 0:00:04]} 54. Kxb1 {[%emt 0:00:03]} g3 {[%emt 0:00:01]} 55. b7 {[%emt 0:00:02]} g2 {[%emt 0:00:01]} 56. b8=Q {[%emt 0:00:08]} g1=Q+ {[%emt 0:00:03]} 57. Ka2 {[%emt 0:00:15]} Qf2+ {[%emt 0:00:10]} 58. Ka3 {[%emt 0:00:26]} Qe3+ {[%emt 0:00:03]} 59. Ka2 {[%emt 0:00:35]} Qd2+ {[%emt 0:00:24]} 60. Ka3 {[%emt 0:00:26]} Qa5+ {[%emt 0:00:07]} 61. Kb2 {[%emt 0:00:06]} Qb4+ {[%emt 0:00:08]} 62. Qxb4+ {[%emt 0:00:03]} Kxb4 {[%emt 0:00:01]} 63. Kc2 {[%emt 0:00:08]} Kc4 {[%emt 0:00:02]} 64. Kd2 {[%emt 0:00:03]} Kd4 {[%emt 0:00:01]} 65. Kd1 {[%emt 0:00:08]} Ke3 {[%emt 0:01:10]} 66. Ke1 {[%emt 0:00:06]} Kf3 {[%emt 0:00:14]} 67. Kf1 {[%emt 0:00:04]} Kg4 {[%emt 0:00:06]} 68. Kg2 {[%emt 0:00:59]} Kg5 {[%emt 0:00:12]} 69. Kg3 {[%emt 0:00:12]} Kxh6 {[%emt 0:00:01]} 70. Kg4 {[%emt 0:00:06]} Kg6 {[%emt 0:00:02]} 71. Kh4 {[%emt 0:00:03]} h5 {[%emt 0:00:04]} 72. Kg3 {[%emt 0:00:05]} Kg5 {[%emt 0:00:02]} 73. Kh3 {[%emt 0:00:03]} Kf4 {[%emt 0:00:04]} 74. Kh4 {[%emt 0:00:29]} Kxe4 {[%emt 0:00:05]} 75. Kxh5 {[%emt 0:00:01]} Kf3 {[%emt 0:00:04]} 76. Kh4 {[%emt 0:00:04]} e4 {[%emt 0:00:01]} 77. Kh3 {[%emt 0:00:03]} e3 {[%emt 0:00:03]} 78. Kh2 {[%emt 0:00:02]} e2 {[%emt 0:00:13]} 79. Kh3 {[%emt 0:00:02]} e1=Q {[%emt 0:00:07]} 80. Kh2 {[%emt 0:00:02]} Qg3+ {[%emt 0:00:02]} 81. Kh1 {[%emt 0:00:03]} Qg2# {[%emt 0:00:02]} 0-1